Tiny Animals - Sudden Death - Statistics

General Stats
  • This quiz has been taken 1,844 times
    220 since last reset
  • The average score is 10 of 16
Answers on the Grid
Answers color-coded by a green-red scale on the quiz's grid according to % correct below.
Adder
Aphid
Arctic hare
Armadillo
Aye-aye
Bee hummingbird
Cicada
Coelacanth
Dwarf crocodile
Etruscan Shrew
Flea
Honey bee
Limpet
Manatee
Marmot
Mongoose
Mosquito
Nano chameleon
Neon tetra
Nile monitor
Oystercatcher
Peccary
Phytoplankton
Pygmy hippopotamus
Reticulated python
Roadrunner
Seven-spot ladybird
Silk moth
Silverfish
Tapir
Termite
Water boatman
 
Answer Stats
Answer % Correct
Flea
80%
Mosquito
79%
Honey bee
78%
Bee hummingbird
75%
Cicada
73%
Silk moth
73%
Termite
72%
Silverfish
69%
Seven-spot ladybird
63%
Phytoplankton
62%
Aphid
61%
Nano chameleon
52%
Etruscan Shrew
47%
Neon tetra
46%
Limpet
44%
Water boatman
44%
No matching quizzes found
Score Distribution
Percent of People with Each Score
Percentile by Number Answered
Your Score History
You have not taken this quiz since the last reset